<?xml version="1.0" encoding="UTF-8"?>
<record
    xmlns:xsi="http://www.w3.org/2001/XMLSchema-instance"
    xsi:schemaLocation="http://www.loc.gov/MARC21/slim http://www.loc.gov/standards/marcxml/schema/MARC21slim.xsd"
    xmlns="http://www.loc.gov/MARC21/slim">

  <leader>02136    a2200217   4500</leader>
  <controlfield tag="001">24565</controlfield>
  <controlfield tag="005">20260407155529.0</controlfield>
  <controlfield tag="008">260407a2010    arg                 spa d</controlfield>
  <controlfield tag="003">AR-UNSa-BCEJYS</controlfield>
  <datafield tag="040" ind1=" " ind2=" ">
    <subfield code="a">AR-UNSa-BCEJYS</subfield>
    <subfield code="b">spa</subfield>
    <subfield code="c">AR-UNSa-BCEJYS</subfield>
  </datafield>
  <datafield tag="080" ind1=" " ind2=" ">
    <subfield code="a">339.5</subfield>
    <subfield code="x">Comercio exterior. Comercio Internacional</subfield>
  </datafield>
  <datafield tag="245" ind1="1" ind2="0">
    <subfield code="a">Comercio Internacional: del GATT a la OMC</subfield>
    <subfield code="p">disciplinas y soluci&#xF3;n de controversias</subfield>
  </datafield>
  <datafield tag="020" ind1=" " ind2=" ">
    <subfield code="a">978-950-23-1708-3</subfield>
  </datafield>
  <datafield tag="264" ind1=" " ind2="1">
    <subfield code="a">Buenos Aires :</subfield>
    <subfield code="b">Universidad de Buenos Aires. Facultad de Derecho. Departamento de Publicaciones</subfield>
    <subfield code="c">2010</subfield>
  </datafield>
  <datafield tag="300" ind1=" " ind2=" ">
    <subfield code="a">849 p.</subfield>
    <subfield code="c">23 cm.</subfield>
  </datafield>
  <datafield tag="505" ind1=" " ind2=" ">
    <subfield code="a">1. La inserci&#xF3;n de Am&#xE9;rica Latina en la liberalizaci&#xF3;n del comerco : La OMC y los acuerdos comerciales regionales - 2. Nacimieto y evoluci&#xF3;ndel sistema GATT/OMC - 3. El acurdo sobre Agricultura - 4. Normas GATT sobre aranceles industriales e implicaciones para la Justicia Social en Am&#xE9;rica Latina - 5. La defensa del mercado interno : antidumping y salvagurdias - 6. Acordo sobres subs&#xED;dios e medidas compensatorias - 7. Instrumentaci&#xF3;n del acuerdo sobre los ADPIC en un contexto de asimetr&#xED;a cient&#xED;fico-tecnolog&#xED;ca - 8. Inversiones relacionadas con el comercio en el sistema de la OMC - 9. Las negociaciones de acceso a los mercados en servicios y de reglamentaci&#xF3;n nacional en la ronda de Doha y las perspectivas de Latinoam&#xE9;rica - 10. El procedimiento de soluci&#xF3;n de controversias : un balance de su creaci&#xF3;n.La participaci&#xF3;n de los pa&#xED;ses de Am&#xE9;rica Latina - 11. Caso del algod&#xF3;n, el resultado en funci&#xF3;n de las cuestiones preliminares tratadas - 12. Globalizaci&#xF3;n y acceso de los medicamentos.Implicaciones de los acuerdos ADPIC de la OMC - 13. Las indicaciones geogr&#xE1;ficas y otras cuestiones vinculadas a la negaci&#xF3;n agr&#xED;cola : el medio ambiente y la patentabilidad de la materia viva - 14. As negocia&#xE7;&#xF3;es de Alca de 1994 a 2005.    </subfield>
  </datafield>
  <datafield tag="942" ind1=" " ind2=" ">
    <subfield code="c">BK</subfield>
  </datafield>
  <datafield tag="590" ind1=" " ind2=" ">
    <subfield code="a">niveau_biblio:m niveau_hierar:0</subfield>
  </datafield>
  <datafield tag="100" ind1="1" ind2=" ">
    <subfield code="a">Correa, Carlos Mar&#xED;a</subfield>
  </datafield>
  <datafield tag="856" ind1="4" ind2="1">
    <subfield code="u">https://biblioeco.unsa.edu.ar/pmb/images/libros/Comercio Internacional del GATT a la OMC  Correa, Carlos Mar?a (2010).jpg</subfield>
    <subfield code="y">Imagen de portada</subfield>
    <subfield code="q">image/jpeg</subfield>
  </datafield>
  <datafield tag="999" ind1=" " ind2=" ">
    <subfield code="c">1201</subfield>
    <subfield code="d">1201</subfield>
  </datafield>
  <datafield tag="952" ind1=" " ind2=" ">
    <subfield code="0">0</subfield>
    <subfield code="1">0</subfield>
    <subfield code="4">0</subfield>
    <subfield code="7">0</subfield>
    <subfield code="a">BCEJYS</subfield>
    <subfield code="b">BCEJYS</subfield>
    <subfield code="c">16</subfield>
    <subfield code="d">2026-04-07</subfield>
    <subfield code="l">0</subfield>
    <subfield code="o">339.5 C824</subfield>
    <subfield code="p">L117907</subfield>
    <subfield code="r">2026-04-07 15:55:29</subfield>
    <subfield code="w">2026-04-07</subfield>
    <subfield code="y">L</subfield>
  </datafield>
</record>
